Quizzes
Events
Quiz Creation
Community
Videos
Private Events
Remove Ads
Sign In
Join for FREE
Feedback
Dark Mode
Quiz Categories
Sports
Geography
Music
Movies
Television
Just For Fun
Miscellaneous
History
Literature
Language
Science
Gaming
Entertainment
Religion
Holiday
For Kids
Quiz Lab
Recent
Popular Today
Quiz Kudos Today
Editor Picks
Curator Picks
Quizzes by...
Day
Popularity
Type
Ratings
Length
Year
Community
Subscriptions
Recent Discussions
Orange Saloon
Badges
Playlists
Quests
Create
Leaderboards
Showdown
Live 5
Trivia Bingo
Activity
Puzzle Library
Sporcle Events
Private Events
Virtual Trivia
Globe League
Become a Host
Pub Owners
SporcleCon
Opinionation
Our Games
Videos
Blog
Mobile Apps
Partnerships
Remove Ads and Go Orange
Feedback
Science
Computer
Plants
Astronomy
Chemistry
Elements
Math
Animal
Physics
Anatomy
Biology
Geology
General Science
Science
Computer
Plants
Astronomy
Chemistry
Elements
Math
Animal
Physics
Anatomy
Biology
Geology
General Science
Random Quiz
Search Sporcle
×
Quiz Lab
Quiz Lab
Science
Chemistry
Type in answers that appear in a list
Type in answers that appear in a list
Classic
Best Score? Go Orange.
Gases Stats
Can you name the Gases Answers?
By
Brandon_Finegold
20m
23 Questions
20 Plays
20 Plays
20 Plays
Comments
Comments
Give Quiz Kudos
Give Quiz Kudos
-
- Ratings
hide this ad
Forced Order
Answers have to be entered in order
Answers have to be entered in order
Replay
Link that replays current quiz
Next Quiz
Link to next quiz in quiz playlist
You Got
0%
They Got
Avg Score
51%
Avg Friend Score
Upgrade to see
Score Distribution
Jump to the score distribution portion of the page
Score
0/23
Timer
20:00
0
Plays Today
Question
Answer
% Correct
Rearrange the Ideal gas Law to find the equation for...
P=nRT/V
90%
How do you convert?
add 273
90%
Between N2 and CO2...
N2 because it is smaller
90%
Between N2 and CO2...
N2 because it is smaller
90%
Between N2 and CO2...
CO2 because it is bigger
90%
Rearrange the Ideal gas Law to find the equation for...
V=nRT/P
80%
How do you convert?
Divide by 1000
80%
Rearrange the Ideal gas Law to find the equation for...
T=PV/nR
75%
Rearrange the Ideal gas Law to find the equation for...
n=PV/RT
75%
How do you convert?
Divide by 760
70%
How do you convert?
Divide by 760
65%
Fill in the blanks for the Kinetic Molecular Theory:
Have the same
55%
Question
Answer
% Correct
Fill in the blanks for the Kinetic Molecular Theory:
Neon
55%
Fill in the blanks for the Kinetic Molecular Theory:
proportional to temperature
40%
Rearrange the Ideal gas Law to find the equation for...
MM=dRT/P
35%
Rearrange the Ideal gas Law to find the equation for...
d=PMM/RT
25%
Rearrange the Ideal gas Law to find the equation for...
P=dRT/MM
25%
Fill in the blanks for the Kinetic Molecular Theory:
(1/2)mv^2
25%
Rearrange the Ideal gas Law to find the equation for...
T=PMM/DR
20%
Fill in the blanks for the Kinetic Molecular Theory:
higher velocity
10%
Assumptions of the Ideal Gas Law
Ideal Gases have no intermolecular forces
5%
Assumptions of the Ideal Gas Law
Ideal Gases have no volume
0%
Assumptions of the Ideal Gas Law
Ideal Gases have elastic collisions
0%
Quiz Playlist
Details
Report
Send in Message
Add To Playlist
Classic:
Type in answers that appear in a list
Forced Order:
Answers have to be entered in order
Last Updated: Feb 16, 2017
Quiz Scoreboard
CHALLENGE
Sign Up to Join the Scoreboard
Show All
Scores
Hide
Comments
May contain spoilers
Recently Published
Popular People in 1961
by mucciniale
History
6m
1-10 Letter E Words III
by El_Dandy
Language
2m
One Thing in Common: World Cities II
by knightlancer
Geography
7m
More to Explore
Quiz From the Vault
Featured Blog Post
Where Did the Easter Bunny Come From?
hide this ad
You Might Also Like...
Tags
Chemistry Quiz
gas
Gas Laws
Today's Top Quizzes in Science
Browse Science
hide this ad
Today's Top Quizzes in Chemistry
Browse Chemistry
Top Contributed Quizzes in Science
1
One Thing in Common: Science
2
One Thing in Common: Science III
3
Quick Pick: Radians
4
Sporcle Puzzle Hunt: Science
5
Quick Pick: 'CI-CJ' Animals
6
One Thing in Common: Science II
7
Square Numbers Scrambled (1-50)
8
Elements In Images
9
Click the Parts of an Plant Cell
10
Glycolysis
Explore More
Trending Topics
Anime
Kpop
Marvel
NBA
Harry Potter
Disney
Crossword
Song
Country
Pokémon
NFL
WWE
The Office
Puzzle
Soccer
hide this ad
More By:
Brandon_Finegold
Quiz
Plays
Rating
Category
Featured
Created
Fun with Quantum Numbers
1,028
Science
Apr 5, 2011
Chemistry Smells Unit
362
1.00
Science
Jan 19, 2011
Thermodynamics
198
5.00
Science
Apr 27, 2011
Shapes of molecules
182
5.00
Science
Jan 23, 2011
Lewis Dot Diagrams and Bonding
158
Science
Apr 6, 2011
Go to Creator's Profile
Score Distribution
Quiz Creator Spotlight
Brandon_Finegold
Follow
Send a Message
Quizzes Created
-
Created Quiz Play Count
-
More By This Creator
Popular Quizzes Today
1
Find the US States - No Outlines Minefield
2
The Countries of the World
3
Find the Countries of Europe - No Outlines Minefield
4
Popular People in 1961
5
1-10 Letter E Words III
6
Find the US States
7
One Thing in Common: World Cities II
8
US States
More Science Quizzes
Lobes of the Brain
Published
Trending Quizzes
Risky Map Clicking: Least Populous States A-Z
1-10 Letter F Words
1-10 Letter G Words
One Thing in Common: United Kingdom
Risky Map Clicking: Next State Alphabetically
Recently Updated
Leaping Animals
pecheneg
Reality TV Shows (A-Z)
bhenderson79
Rickey Henderson's Hall of Fame Teammates
pecheneg
Champions League XIs: Arsenal
pecheneg
Quick Pick: Celebrities in WWE's Hall of Fame
aduchscher
A-Z Keypad Blitz II
pecheneg
Multiple Oscar Actors
pecheneg
Mystery Phrase Blitz: Oscar 'Best Actors'
pecheneg
F. Scott Fitzgerald Novels
LTH
Pick 3 Villains
ddd62291
Trending Topics
Crossword
Disney
NBA
Anime
Marvel
Harry Potter
Kpop
Soccer
WWE
Country
Pokémon
The Office
Song
NFL
Puzzle
Your Account Isn't Verified!
In order to create a playlist on Sporcle, you need to verify the email address you used during registration. Go to your
Sporcle Settings
to finish the process.
Report this User
Report this user for behavior that violates our
Community Guidelines
.
Details:
Send Report
Go to the Sporcle.com Mobile Site →
Comments